000 00539nam a2200181Ia 4500
008 151202s9999||||xx |||||||||||||| ||und||
082 _bPNVM-66871
100 _aजाखोटिया गिरीश.
245 _aवंश.
260 _b"राजेंद्र प्रकाशन, मुंबई."
260 _c2008
300 _a246
600 _aजाखोटिया गिरीश.
630 _aवंश.
700 _aजाखोटिया गिरीश.
730 _aवंश.
942 _cBOOK
999 _c1333403
_d1333400